000 00933nam a2200253 a 4500
001 BRCA_7485
005 20190320205844.0
008 250413s1930----sp-#######---#000-0#spa-#
041 _aspa
044 _asp
050 4 _aZ8158
_b.R56 1930
100 1 _aRio y Rico, Gabriel Martin del
_918430
245 1 0 _aCatálogo bibliográfico de la sección de Cervantes de la Biblioteca Nacional
_cpor Gabriel Martin del Rio y Rico.
260 _aMadrid
_bRevista de Archivos, Bibliotecas y Museos
_c1930
300 _axviii, 915 p.
_bil.
_c28 cm.
500 _aObra premiada en el concurso público de 1916 e impresa a expensas del Estado
500 _aIncluye índice de traducciones completas al francés y alemán
500 _aR14
504 _aBibliografía p. vii
600 1 4 _aCervantes Saavedra, Miguel de
_d1547-1616
_vBibliografía
_97606
650 1 4 _aObras literarias
_vCatálogos
_918431
902 _aGFM
942 _2lcc
_cB
999 _c7160
_d7160